• 首页
  • 本馆介绍
  • 公告通知
  • 最新文献
  • 馆藏检索
  • 电子资源
  • 读者导购
  • 参考咨询
  • 我的图书馆
  • 登录
  • 详细信息显示
  • 放入我的书架
  • 预约/预借图书
  • 作者相关作品
  • 分类相关作品
  • 丛书相关作品
  • 出版社相关作品

书目信息

  • 表格格式
  • 工作单格式
  • 卡片格式
题名:
北京土话中的满语
    
 
作者: 爱新觉罗·瀛生 著
分册:  
出版信息: 北京   北京燕山出版社  1993.7
页数: 243页
开本: 20cm
丛书名:
单 册:
中图分类: H172.1
科图分类:
主题词: 北京话-关系-满语支 , 满语支-关系-北京语
电子资源:
ISBN: 7-5402-0548-2
000 00848nam0 2200253 45
001 0194029704
005 20060804164124.78
010    @a7-5402-0548-2@dCNY5.75
100    @a19940718d1993 em y0chiy0121 ea
101 0  @achi
102    @aCN@b110000
105    @ay z 000yy
200 10 @a北京土话中的满语@ABEI JING TU HUA ZHONG DE MAN YU@f爱新觉罗·瀛生著@FAI XIN JUE LUO · YING SHENG ZHU
210    @a北京@c北京燕山出版社@d1993.7
215    @a243页@d20cm
300    @a封面题:常瀛生著
330    @a本书分:绪说、北京话、现代北京话的前身、现代北京话的形成和发展4部分。
540 1  @a北京 土话 满语@ABEI JING TU HUA MAN YU
606    @a北京话-关系-满语支
606    @a满语支-关系-北京语
690    @aH172.1@v三版
701  0 @a爱新觉罗·瀛生@AAI XIN JUE LUO · YING SHENG@4著
801  0 @aCN@bTSSF@c20060804
905    @a10447@dH172.1@e25
    
    北京土话中的满语/爱新觉罗·瀛生著.-北京:北京燕山出版社,1993.7
    243页;20cm
    封面题:常瀛生著
    
    ISBN 7-5402-0548-2:CNY5.75
    本书分:绪说、北京话、现代北京话的前身、现代北京话的形成和发展4部分。
●
相关链接 在E读中查询图书 在五车中查询图书 在当当中查询图书 在豆瓣中查询图书


正题名:北京土话中的满语     索取号:H172.1/25         预约/预借

序号 登录号 条形码 馆藏地/架位号 状态 备注
1 0444617   204446171   密集书库/ [索取号:H172.1/25] 在馆    
唐山师范学院图书馆 欢迎您!
大连网信软件有限公司© 版权所有